BEYOND INEQUALITIES WOMEN IN TANZANIA (Record no. 3492)
[ view plain ]
| 000 -LEADER | |
|---|---|
| fixed length control field | 00298nam a22001097a 4500 |
| 008 - FIXED-LENGTH DATA ELEMENTS--GENERAL INFORMATION | |
| fixed length control field | 151012b xxu||||| |||| 00| 0 eng d |
| 020 ## - INTERNATIONAL STANDARD BOOK NUMBER | |
| International Standard Book Number | 0797417591 |
| 082 ## - | |
| Classification number | 305.4 BEY |
| 100 ## - MAIN ENTRY--PERSONAL NAME | |
| Personal name | MUKANGARA,FENELLA[ed] |
| 245 ## - TITLE STATEMENT | |
| Title | BEYOND INEQUALITIES WOMEN IN TANZANIA |
| 260 ## - PUBLICATION, DISTRIBUTION, ETC. (IMPRINT) | |
| Place of publication, distribution, etc. | DAR ES SALAAM : |
| Name of publisher, distributor, etc. | SARDC, |
| Date of publication, distribution, etc. | 1997 |
No items available.
